One Piece quiz ultime 11 - Arc Alabasta - Statistiques

Statistiques générales
  • Ce quiz a été pris 36 fois
  • Le résultat moyen est 44 sur 187
Statistiques - réponses
Question Réponse % Correct
À quel équipage appartient Ace ? L'équipage de Barbe Blanche
73%
Qui est Ace pour Luffy ? Son frère
73%
Quelle est la faiblesse du fruit de Crocodile ? L'eau
63%
Quel fruit a manger Ace ? Pyro-Fruit / Mera Mera no Mi
63%
Comment s'appellent les pierres indestructibles avec des textes indéchiffrables ? Les ponéglyphes
60%
De quelle personne Mr. 2 prend-t-il l'apparence pour combattre Sanji ? Nami
60%
Quel est le vrai nom complet de Miss Allsunday ? Nico Robin
60%
Selon ce proverbe de Luffy "Quand on a faim..." "On bouffe"
60%
Qui est la personne que Mr. 2 n'a pas rencontrée sur le bateau de Luffy ? Sanji
60%
Quelle matière retire les pouvoirs aux utilisateurs de fruit du démon ? Le granit marin
57%
Quelle arme recherche Crocodile ? Pluton
57%
Quel est le fruit de Mr. 2 ? Travesti-Fruit / Mane Mane no Mi
57%
Selon Pell combien de fruits du démons permettraient-ils de voler ? 5
53%
Qu'est-ce qui est écrit sur le bras d'Ace ? ASCE
53%
Quelles armes sont-elles capables de détruire le monde ? Les armes antiques
53%
Qui se trouvait à l'intérieur d'un des Crocodiles ? Mr. 3
53%
Qu'est-ce qu'Ace donne à Luffy avant de partir ? Sa carte de vie / Vivre card
53%
Qui est Toto pour Koza ? Son père
53%
Que représente la marque sur le bras des membres de l'équipage ? Une croix
53%
À quel âge Miss Allsunday a-t-elle eu sa prime ? 8 ans
50%
Quel est le vrai nom de Mr. 2 ? Bentham
50%
Qu'est-ce que Zoro a appris à trancher dans son combat contre Mr. 1 ? L'acier
50%
Quel nom de code prend Sanji lorsqu'il parle à Crocodile ? Mr. Prince
50%
Qui se sacrifie en emmenant la bombe dans le ciel ? Pell
50%
Qui Luffy imite-t-il dans la prison du casino ? Sanji
50%
Quel est le vrai nom de Mr. 1 ? Daz Bonez / Daz Bones
47%
Quel fruit a mangé Crocodile ? Fruit des Sables / Suna Suna no Mi
47%
Quel objet est en réalité Lassoo ? Un bazooka
47%
Que représente le symbole sur les drapeaux d'Alabasta ? Un soleil
47%
Qu'est-ce qui frappe souvent le village de Toto ? Des tempêtes
43%
Quel fruit a mangé Miss Allsunday ? Fruit des Éclosions / Hana Hana no Mi
43%
Quel fruit a mangé Pell ? Fruit du Volatile / Tori Tori no Mi modèle Faucon
43%
Que lève vers le haut les membres de l'équipage pour montrer à Vivi et Kaloo qu'ils seront toujours leurs amis ? Leurs bras gauches avec la croix
43%
Qui a sauvé Luffy des sables mouvants de Crocodile ? Miss Allsunday
43%
Qui se sacrifie pour permettre à l'équipage de Luffy d'échapper à Hina ? Mr. 2
43%
De quelle personne Mr. 2 a-t-il pris l'apparence pour remplir sa mission ultime au sein du Baroque Works ? Nefertari Cobra
43%
Combien y a-t-il d'agents numérotés dans Baroque Works ? 27
40%
Quel est le nom de la capitale du royaume ? Alubarna
40%
Quelle forme de Luffy consiste à avaler toute l'eau d'un baril pour être remplis d'eau ? Aqua Luffy
40%
Où était cachée la bombe ? Dans la tour de l'horloge
40%
Quel fruit a mangé Chaka ? Fruit du Canidé / Inu Inu no Mi modèle Chacal
40%
Quel est le surnom de Pell ? Le faucon
40%
Quel ancien agent du Baroque Works avait essayé de recruter Zoro, avant de se faire éliminé par ce dernier ? Mr. 7
40%
Quel est le montant de la prime de Luffy suite à sa victoire contre Crocodile ? 100.000.000
37%
Quel est le montant de la prime de Miss Allsunday ? 79.000.000
37%
Quel est le surnom d'Ace ? Au poing ardent
37%
Qui Usopp imite-t-il pour essayer de savoir où la bombe a été cachée ? Crocodile
37%
Quels animaux Crocodile a-t-il dans son casino ? Des banana-crocos /Bananawani
37%
Qui se déguise en Vivi à la capitale pour faire diversion pendant qu'elle va retrouver l'équipage ? Igaram
37%
Quel est le surnom de Chaka ? Le chacal
37%
Avec quoi Luffy réussit-il à toucher Crocodile lors de son dernier combat avec lui ? Son sang
37%
Combien de repas Luffy a-t-il selon lui loupé après avoir dormi pendant 3 jours ? 15
33%
Combien de temps Crocodile donne-t-il à Luffy pour leurs premier combat ? 3 minutes
33%
Quel est le vrai nom de Miss Merrychristmas ? Drophy
33%
Quelle est la particularité du deuxième crochet de Crocodile ? Il est empoisonné
33%
Qu'est-ce qui se met à tomber juste après la défaite de Crocodile ? La pluie
33%
Sur quelle île se trouve Alabasta ? Sur Sandy Island
33%
Combien coûte un coup d'œil sur le corps de Nami sous la douche ? 100 000
30%
Quel est le montant de la première prime de Zoro ? 60.000.000
30%
Quel est le nom des agents subalternes des agents spéciaux ? Billions
30%
Qu'est-ce que l'équipage nouent sur leurs bras pour toujours savoir qui est qui ? Des bandages
30%
Quel fruit a mangé Miss Doublefinger ? Fruit de l’Oursin /Toge Toge no Mi
30%
Quel fruit a mangé Lassoo ? Fruit du Canidé / Inu Inu no Mi modèle Basset
30%
Comment s'appelle la poudre qui fait tomber la pluie ? La Dance Powder
30%
Quels animaux Luffy a-t-il vaincu, qui sont ensuite devenu ses disciples ? Les kung-fu dugongs
30%
Comment Nami nomme-t-elle le chameau ? Longs-Cils / Matsuge
30%
Quel est le nom de code complet de Mr. 2 ? Mr. 2 Bon Clay
30%
Quel est le faux nom de la tenancière du café ? Paula
30%
Comment s'appelle l'opération ultime de Baroque Works ? Utopia
30%
Quel est le vrai nom de Miss Doublefinger ? Zala
30%
Depuis combien d'années Miss Allsunday est-elle au côté de Crocodile ? 4 ans
27%
Quel est le vrai nom de Mr. 4 ? Babe
27%
Quel fruit a mangé Miss Merrychristmas ? Fruit Fouisseur / Mogu Mogu no Mi
27%
Quel est le nom de la forme de Chopper avec les bois géants ? Horn Point
27%
Qui sont les deux anciens ennemis de l'équipage de Luffy qui sont désormais sous les ordres de Hina ? Jango et Fullbody
27%
Qu'est-ce que Vivi veut détruire pour attirer l'attention des rebelles ? Le palais
27%
Quel est le nom des agents subalternes des agents des frontières ? Millions
27%
Qui sont les deux agents du Baroque Works qui devaient s'occuper de la bombe ? Mr 7 et Miss Father's Day
27%
Sur le dos de qui Luffy est-il arrivé à la capitale ? Pell
27%
Quel est le surnom de Crocodile ? Sir Crocodile
27%
Pendant combien de temps Vivi a-t-elle quitter Alabasta ? 2 ans
23%
Comment s'appelle le bâton climatique de Nami ? Clima-Tact
23%
Que donne Toto à Luffy avant de quitter le village ? De l'eau
23%
Qu'est-ce que l'équipage a porté pour cacher leurs identités sur les super canards ? Des capes
23%
Que porte Sanji sur son visage lorsqu'il prend un nom de code ? Des lunettes
23%
Quel fruit a mangé Mr. 1 ? Fruit Tailladant / Supa Supa no Mi
23%
Avec quelle technique Zoro a-t-il vaincu Mr. 1 ? La Danse du Lion /Shishi Sonson
23%
Quelle technique de Crocodile consiste à créér une tempête de sables ? Sables
23%
Dans quel café les agents spéciaux se réunissent-ils ? Spider's Café
23%
Qu'est-ce que Luffy a mangé pour avoir des hallucinations ? Un cactus mezcal
23%
Dans quel village habite Toto ? Yuba
23%
Quel est le nom du super canard avec un chapeau de cowboy ? Cowboy
20%
Que crache Lassoo lorsqu'il éternue ? Des balles explosives
20%
Quel est le surnom de Hina ? La dame de fer
20%
Comment s'appelait la mère de Vivi ? Nefertari Titi
20%
Comment s'appelle le crabe géant transportant l'équipage ? Pincemi / Hasami
20%
Quel est le nom de la ville des rêves ? Rainbase
20%
Qu'est-ce que Mr. 2 a volé à Usopp après l'avoir vaincu ? Ses lunettes
20%
Comment s'appelle la femme d'Igaram ? Terracotta
20%
Quelle technique de Nami fait-elle tomber la foudre ? Thunderbolt Tempo
20%
Dans un rayon de combien de kilomètres la bombe de Crocodile doit-elle exploser ? 2,5
17%
Quel est le nom du super canard avec une bouteille autour du coup ? Bourbon Jr.
17%
Quelle technique de Nami consiste à lancer une partie de son baton comme un boomerang ? Cyclo Tempo / Cyclone Tempo
17%
Qu'est-ce qui est inscrit sur le manteau de Mr. 2 ? Folle attitude
17%
Comment s'appelle le port d'Alabasta ? Nanohana
17%
Avec quelle technique Nami bat-elle Miss Doublefinger ? Tornado Tempo
17%
Qu'est-ce que Mr. 1 et Miss Doublefinger ont-ils fait s'écraser sur le port d'Alabasta ? Un bateau
17%
Cobra est le combientième roi de la dynastie Nefertari ? 12ème
13%
Quel est le montant de la prime de Mr. 2 ? 32.000.000
13%
Quel poids pèse la batte de Mr. 4 ? 4 tonnes
13%
Comment s'appelle le clan dont faisaient partie Vivi et Koza quand ils étaient enfants ? Clan des sables
13%
À quelle espèce appartient le crabe géant ? Crabe Déménageur
13%
Qu'utilise Hina comme projectiles avec son navire ? Des harpons
13%
Quelle ville est surnommé la ville verte ? Erumalu / Elmar
13%
Quel fruit a mangé Hina ? Fruit Constricteur /Ori Ori no Mi
13%
Quel est le nom du super canard avec un casque à cornes ? Ivan X
13%
Où se situe la base principale des rebelles ? Katorea
13%
Quels animaux sont sacrés à Alabasta ? Les chacalots
13%
Avec quelle technique Nami neutralise-t-elle les gens qui la mate sous la douche ? Love Punch /Shiawase Punch
13%
Comment s'appelle le style de combat de Mr. 2 ? Okama kenpo / Coup de ballet
13%
Comment Vivi appelle-t-elle Chopper ? Tony
13%
Qu'est-ce qui sort du crochet de Crocodile, une fois qu'il est brisé par Luffy ? Une lame
13%
Que signifie le tatouage de Mr. 1 en français ? 1
10%
Quel est le véritable poid du marteau de 5 tonnes d'Usopp ? 2 kilos
10%
Où a lieu le combat final de Luffy contre Crocodile ? Dans le tombeau des rois
10%
Quelle technique de Crocodile coupe le désert en deux ? Desert Spada
10%
Quel est le nom du super canard avec un chapeau asiatique ? Hikoichi
10%
Quel est le nom du super canard avec un casque de légionnaire ? Kentauros / Centaurus
10%
Quelle était la mission de Mr. 4 et Miss Merrychristmas ? Kidnapper Cobra
10%
Qu'est-ce que la garde d'élite a bu qui l'a condamnée à une mort certaine en échange d'une grande force ? L'eau des héros
10%
Quels animaux d'Alabasta sont des araignée venimeuses rouges ? Les fraises du désert
10%
Comment s'appelle le casino de Crocodile ? Rain-Dinner's
10%
Selon Smoker "où qu'il aille et quoi qu'il fasse, un pirate..." Restera toujours un pirate
10%
Quelle insulte raccourcie utilise souvant Miss Merrychristmas ? 'Spèce d'ab'
10%
Quel est le nom du super canard avec une casquette ? Stomp
10%
Avec quelle technique Sanji bat-il Mr. 2 ? Veau Shoot
10%
Où se trouve le bureau des fan clubs des membres du Baroque Works ? Whisky Peak
10%
À quelle heure la bombe de Crocodile doit-elle exploser ? 16h30
7%
Comment s'appelle l'arme de Miss Father's Day ? Gero Gero Gun /Pistolet-Grenouille
7%
Quelle technique de Luffy consiste à avaler son adversaire ? Gum Gum Crunch /Gomu Gomu no Baku Baku
7%
Avec quelle technique Luffy bat-il Crocodile ? Gum Gum Storm /Gomu Gomu no Storm
7%
Comment s'appelle l'enfant cireur de chaussures qui se fait casser la figure par Mr. 1 et Miss Doublefinger ? Kappa
7%
Quel est le surnom de Mr. 1 ? L'assassin / Le tueur
7%
Quelle technique Usopp utilise-t-il avec son marteau de 5 tonnes ? Marteau Pilon / Usopp Pound
7%
Quel type d'escargophone est utilisé pour les appels nationaux ? Mini Escargophone
7%
Comment s'appelle la rivière d'Alabasta ? Sandora
7%
Dans quel restaurant Ace s'est-il arrêté pour manger ? Spice Bean
7%
Qui a tiré sur Koza lorsqu'il a hissé les drapeaux blancs avec la garde royale ? Un membre deBaroque Works
7%
Que demande Mr. 2 au café ? Un parpoulpe
7%
Comment s'appelle l'arme de Mr. 7 ? Yellow Gun
7%
Quel est le montant de la prime de Miss Merrychristmas ? 14.000.000
3%
Quel est le montant de la prime de Miss Doublefinger ? 35.000.000
3%
Quel est le montant de la prime de Mr. 1 ? 75.000.000
3%
Quelle est la deuxième espèce la plus rapide d'Alabasta ? F-Croco / F-Wani
3%
Quelle technique de Luffy consiste à faire vibrer un gum gum bullet pour créer une illusion ? Gum Gum Shotgun /Gomu Gomu no Shotgun
3%
Selon Miss Allsunday qui a conquit Alabasta ? Kahira
3%
À quelle porte d'Alabasta se déroule le combat de Usopp et Chopper contre Mr. 4 et Miss Merrychristmas ? La porte sud-est
3%
Quel est le surnom de Miss Doublefinger ? L'araignée empoisonnée
3%
Quel est le surnom de Miss Merrychristmas ? La tombeuse de villes
3%
Quel est le surnom de Mr. 2 ? Le sauvage
3%
Quels animaux sont les voleurs du désert ? Les hérons chapardeurs /Warusagi birds
3%
Quels animaux ont remplacés les Unluckies à Alabasta ? Les sprinteurs à collerette /
Erimaki runners
3%
Selon Miss Allsunday qui est le héros d'Oltea ? Mamudin
3%
Qui a tué Mr. 11 ? Mr. Mellow
3%
Dans quelle ville Vivi doit-elle retrouver l'équipage pour partir avec eux ? Tamarisk
3%
Que boit Miss Merrychristmas au café ? Un thé noir
3%
Quel est le montant de la prime de Mr. 4 ? 3.200.000
0%
Quelle technique de Luffy consiste à cracher de l'eau ? Aqua-bullet / Mizu Mizu no Pistol
0%
Quel est le nom du bateau de Crocodile ? Baroque Gustave
0%
Grâce à quel matériau Mr. 3 a-t-il pu flotter sur l'eau dans le casino ? Bois Flotafond
0%
Quel est le nom du bateau de Mr. 3 et Miss Goldenweek ? Chiryaku Ten'nen Maru
0%
Quel type de nouille grillées au four trouve-t-on a Alabasta ? Des konafa
0%
Quel est le tic de langage de Hina ? Elle parle à la 3ème personne
0%
Quel est le nom du bateau générateur de pluie de Baroque Works ? Fool
0%
Quelle technique de Luffy consiste à foncer sur son adversaire comme une scie ? Gum Gum Scie Circulaire /
Gomu gomu no Marunokogiri
0%
Comment s'appelle le bateau de Mr. 4 et Miss Merrychristmas ? Holly Home Run
0%
Comment s'appelle le bateau de Mr. 1 et Miss Doublefinger ? Kill Sassoon
0%
Quel est le surnom de Mr. 4 ? L'attrapeur tueur
0%
Vers quel parlement Zoro et Nami affrontent Mr. 1 et Miss Doublefinger ? Mehdi / Medi
0%
Quel animal dangereux l'équipage a-t-il rencontré dans le fleuve ? Poisson-Chat de Sandora
0%
Dans quelle avenue le combat de Sanji et Mr. 2 a-t-il lieu ? Polca / Polka
0%
Quel est le nom de l'embarcation d'Ace ? Striker
0%
Quel est le nom du navire de Mr. 2 ? Swanda Express
0%
Quel est le nom de la taupinière de Miss Merrychristmas ? Taupinière quatrième district
0%
Quel est le nom de la garde d'élite d'Alabasta ? Tsumegeri
0%
Par quel animal était poursuivi le chameau ? Un lézard géant de Sandora
0%
Que boit Mr. 4 au café ? Un thé à la pomme
0%
Aucun quiz correspondant
Distribution des résultats
% des personnes avec chaque résultat
Percentile par nombre de réponses
Votre historique - résultats
Vous n’avez pas pris ce quiz